Most populous city in each English county - Statistics

General Stats
  • This quiz has been taken 18 times
  • The average score is 21 of 48
Answer Stats
County Settlement % Correct
City of Bristol Bristol
93%
Derbyshire Derby
93%
City of London London
93%
Greater London Croydon
87%
Leicestershire Leicester
87%
Greater Manchester Manchester
87%
Nottinghamshire Nottingham
80%
Oxfordshire Oxford
80%
Gloucestershire Gloucester
73%
Lincolnshire Lincoln
73%
Merseyside Liverpool
73%
Northamptonshire Northampton
73%
Worcestershire Worcester
67%
Herefordshire Hereford
60%
Tyne and Wear Newcastle upon Tyne
60%
Norfolk Norwich
60%
Hampshire Southampton
53%
Cumbria Carlisle
47%
Kent Maidstone
47%
Devon Plymouth
47%
South Yorkshire Sheffield
47%
Essex Southend
47%
West Midlands Birmingham
40%
Lancashire Blackpool
40%
East Riding of Yorkshire Kingston upon Hull
40%
East Sussex Brighton and Hove
33%
West Yorkshire Leeds
33%
Bedfordshire Luton
33%
Berkshire Reading
33%
Somerset Bath
27%
Dorset Bournemouth
27%
Suffolk Ipswich
27%
Cornwall Newquay
27%
Rutland Oakham
27%
Cambridgeshire Peterborough
27%
Cheshire Warrington
27%
Durham Darlington
20%
Buckinghamshire Milton Keynes
20%
Isle of Wight Newport
20%
Shropshire Telford
20%
Surrey Guildford
13%
Staffordshire Stoke on Trent
13%
Wiltshire Swindon
13%
Hertfordshire Watford
13%
West Sussex Crawley
7%
Northumberland Blyth
0%
North Yorkshire Middlesborough
0%
Warwickshire Nuneaton
0%
No matching quizzes found
Score Distribution
Percent of People with Each Score
Percentile by Number Answered
Your Score History
You have not taken this quiz